| 000 | 00482nam a2200157 i 4500 | ||
|---|---|---|---|
| 001 | 34371 | ||
| 003 | ES-MaACL | ||
| 005 | 20230906154924.0 | ||
| 007 | t| | ||
| 008 | 030204s1970 sp ||||1| spa d | ||
| 100 | 1 |
_aBloom, Anthony _cArzobispo de Surezh. _929556 |
|
| 245 | 1 | 0 |
_aOración viva / _cAnthony Bloom, Arzobispo de Surezh. |
| 260 |
_aBiblao : _bDesclée de Brouwer : _bLa Editorial Vizcaina, _c1970. |
||
| 300 |
_a158 p. ; _c19 cm. |
||
| 852 |
_aES-MaACL _jC-44278 _bR.73582 |
||
| 999 |
_c34371 _d34371 |
||